| 000 | 00723nam a22002411a 4500 | ||
|---|---|---|---|
| 001 | 19310 | ||
| 003 | BD-RjUL | ||
| 005 | 20211209000420.0 | ||
| 008 | 140223s1959 enk 000 0 eng d | ||
| 035 | _a(BD-RjUL)19369 | ||
| 035 | _a(BD-RjUL) | ||
| 040 |
_aANL _beng _cANL _dBD-RjUL |
||
| 041 | _aeng | ||
| 082 |
_a792.0942 _bWIE |
||
| 100 | 1 |
_aWickham, Glynne _950459 |
|
| 245 | 1 | 0 |
_aEarly English stages, 1300-1600 / _cGlynne Wickham _nVolume one 1300 to 1576 _b. |
| 260 |
_aLondon : _bRoutledge, _c1963. |
||
| 300 |
_a428 p. : _bill. ; _c23 cm. |
||
| 504 | _aIncludes index. | ||
| 505 | 0 | _a- v.1. 1300 to 1600; v.2. 1576 to 1660, pt.1. andpt.2. | |
| 650 | 0 |
_aTheater _zGreat Britain _xHistory. _959396 |
|
| 942 |
_2ddc _cBK |
||
| 999 |
_c19310 _d19310 |
||